000 004330000a22001810004500
003 MACL
005 20150929154915.0
008 150929b xxu||||| |||| 00| 0 eng d
040 _aMACL
_cMACL
041 _aEnglish
082 _a891
100 _aEnlarged
_912837
245 _aContemporary Indian Literature
260 _bSahitya Akademi
_c1968
_aNew Delhi
350 _a10
650 _aLiterature
_912838
942 _cBK
_k891
_2ddc
999 _c7616
_d7616